| Tag |
First Indicator |
Second Indicator |
Subfields |
| LEADER |
00000cam a2200000 4500 |
| 001 |
in00000035531 |
| 005 |
20151007060826.0 |
| 008 |
720524s1960 nyu 00001 eng u |
| 010 |
|
|
|a 60007412
|
| 035 |
|
|
|a (OCoLC)00317203
|
| 035 |
|
|
|9 AAD0296AM
|
| 040 |
|
|
|c MRC
|d TXA
|d UtOrBLW
|
| 049 |
|
|
|a TXAM
|c [320154]
|
| 050 |
|
0 |
|a PZ3.W5886
|b Vi
|
| 090 |
|
|
|a PS3573.H475
|b V43 1960
|
| 092 |
|
|
|a 813
|b W5883v
|
| 100 |
1 |
|
|a White, Theodore H.
|q (Theodore Harold),
|d 1915-1986.
|
| 245 |
1 |
4 |
|a The view from the fortieth floor /
|c by Theodore H. White.
|
| 264 |
|
1 |
|a New York :
|b W. Sloane Associates,
|c 1960.
|
| 300 |
|
|
|a 468 pages ;
|c 21 cm.
|
| 336 |
|
|
|a text
|b txt
|2 rdacontent
|
| 337 |
|
|
|a unmediated
|b n
|2 rdamedia
|
| 338 |
|
|
|a volume
|b nc
|2 rdacarrier
|
| 999 |
|
|
|a MARS
|
| 999 |
f |
f |
|s 2907d012-3fbf-380f-9bdd-bd3d1247ba84
|i 0c7968f6-06ed-3130-b680-e79b7ad35c70
|t 0
|
| 952 |
f |
f |
|p ric
|a Texas A&M University
|b Rellis Campus
|c Joint Library Facility
|d Remote Storage
|t 0
|e PS3573.H475 V43 1960
|h Library of Congress classification
|i unmediated -- volume
|m A14801254934
|
| 998 |
f |
f |
|a PS3573.H475 V43 1960
|t 0
|l Remote Storage
|